LEADER 03142nam0 22006013i 450 001 RAV0225324 005 20251003044327.0 020 $aIT$b737692 100 $a19931007d1973 ||||0itac50 ba 101 | $aita$cita 102 $ait 181 1$6z01$ai $bxxxe 182 1$6z01$an 183 1$6z01$anc$2RDAcarrier 200 1 $aMezzogiorno e classe operaia$f[Enrico Pugliese, Giovanni Mottura, Pino Ferraris$ga cura del Centro operaio] 210 $aRoma$cCoines$d1973 215 $a135 p., [3] c. di tav.$cill.$d19 cm 225 | $aUniversale Coines$v12 225 | $aQuaderni del Centro operaio$v2 300 $aConvegno realizzato dal "Centro operaio" nel novembre 1972 410 0$1001RAV0129283$12001 $aUniversale Coines$v12 410 0$1001RAV0225351$12001 $aQuaderni del Centro operaio$v2$171202$aCentro operaio$c $3SBLV214756 500 10$aMezzogiorno e classe operaia$3UBO4618203$9CFIV078731$932873 606 $aMovimento operaio$xItalia meridionale$2FIR$3SBLC129903$9I 676 $a305.5$9CLASSI SOCIALI.$v12 676 $a331.11$9FORZE DI LAVORO$v21 676 $a331.80945$9Sindacati e contrattazione collettiva. Italia$v20 676 $a331.880945$9SINDACATI. Italia$v23 676 $a331.8809457$9SINDACATI. ITALIA MERIDIONALE$v19 676 $a331.8809457$9SINDACATI. Italia meridionale$v21 676 $a338.945 7$9$v20 676 $a338.9457$9Sviluppo e crescita economica. Italia meridionale$v12 686 $aIT/3422.8$cPOLITICA DEL MEZZOGIORNO ITALIA 1945-1968$2R 686 $aIT/3430.1$cQUESTIONE MERIDIONALE ITALIA 1945-1968$2R 686 $aIT/3438.0$cCLASSI E CETI CONFLITTUALITA SOCIALE ITALIA 1945-1968$2R 686 $aIT/4422.8$cPOLITICA DEL MEZZOGIORNO ITALIA 1968-1989$2R 686 $aIT/4430.1$cQUESTIONE MERIDIONALE ITALIA 1968-1989$2R 686 $aIT/4438.0$cCLASSI E CETI SOCIALI CONFLITTUALITA SOCIALE ITALIA 1968-1989$2R 696 $aOpposizione operaia 699 $aMovimento operaio$zOpposizione operaia 700 1$aPugliese$b, Enrico$f <1942- >$3CFIV078731$4070$0307375 701 1$aMottura$b, Giovanni$3CFIV078730$4070$068539 701 1$aFerraris$b, Pino$3RAVV026415$4070$0125264 712 02$aCentro operaio$c $3SBLV214756 801 3$aIT$bIT-000000$c19931007 850 $aIT-BN0095 $aIT-NA0079 $aIT-NA0230 901 $bNAP BN$cSEZ.NAP. $n$ 901 $bNAP 01$cPOZZO LIB.$nVi sono collocati fondi di economia, periodici di ingegneria e scienze, periodici di economia e statistica e altri fondi comprendenti documenti di economia pervenuti in dono. 912 $aRAV0225324 950 0$aBiblioteca Centralizzata di Ateneo$c1 v. in 2 copie$d 01POZZO LIB.F. SANTI 354$e 0101 0060032955E VMA 1 v. (Precedente collocazione S 313)$fB $h20221108$i20221108$c1 v. in 2 copie$d 01POZZO LIB.F. SANTI 354$e 0101 0060033905E VMA (bis 1 v. (2. copia.Precedente collocazione S 744)$fB $h20221114$i20221114 977 $a 01$a BN$a IR 996 $aMezzogiorno e classe operaia$932873 997 $aUNISANNIO